| 000 | 00667nam a2200217Ia 4500 | ||
|---|---|---|---|
| 005 | 20230607135716.0 | ||
| 008 | 131103s9999 xx 000 0 und d | ||
| 020 |
_a415280222 _cRs 295 |
||
| 040 | _aLoreto College | ||
| 041 | _aEnglish | ||
| 082 |
_a808.3 _bRIM |
||
| 100 | _aRimmon-Kenan, Shlomith | ||
| 245 |
_aNarrative fiction _b Contemporary poetics _cShlomith Rimmon-Kenan |
||
| 250 | _a2nd ed | ||
| 260 |
_aLondon and New York _bRoutledge _c2002 |
||
| 300 | _axi,192p | ||
| 504 | _aFirst published by Methuen and Company Ltd in 1983. Reprinted five times. First Indian reprint 2005 | ||
| 650 | _aNarration (Rhetoric) | ||
| 850 | _aLCLIB | ||
| 942 | _cBK | ||
| 999 |
_c4971 _d55450 |
||